000 00420nam a2200157 i 4500
001 50426
003 ES-MaACL
005 20230906162158.0
007 t|
008 030804s1926 fr ||||1| fre d
100 1 _aCrussard, L.
_941777
245 1 0 _aVentilateurs et compresseurs /
_cpar L. Crussard.
260 _aParis :
_bJ.B. Baillière et Fils,
_c1926.
300 _a414 p. ;
_c24 cm.
852 _aES-MaACL
_jB-12181
999 _c50426
_d50426